000 01385nam a2200229Ia 4500
003 Ost
005 20260507075242.0
008 260507s9999||||xx |||||||||||||| ||und||
040 _cfsecg
041 _aara
082 _a330
100 _aالعامري، صالح مهدي محسن
_eمؤلف
245 0 _aتطبيقات بحوث العمليات في الادارة /
_c صالح مهدي محسن العامري
260 _aعمان:
_bاثراء للنشر,
_c2009
300 _a472 صفحة؛
_bإيضاحات ؛
_c28 سم
520 _aبحوث العمليات : مفاهيم أساسية ، نظرية القرارات : صنع و إتخاذ القرار، البرمجة الخطية صياغة مسائل البرمجة الخطية في حل المشكلات الأدائية الطريقة البيانية ، البرمة الخطية : الطريقةالمبسطة ، الطريقة الثنائية ، مشكلة النقل ، نماذج النقل متعدد المراحل ، التخصيص ، نظرية صفوف الانتظار، إدارة و تخطيط المشاريع ، نماذج رقابة المخزون و نماذج المحاكاة .
653 _aإدارة الاعمال
653 _aالادارة
653 _aبحوث العمليات
700 _aالحداد، عواطف ابراهيم
_eمؤلف ثانوي
942 _cكتاب
999 _c43631
_d43631